[Event "VIE-ch U13"]
[Site "Ho Chi Minh City"]
[Date "2022.07.12"]
[Round "2"]
[White "Nguyen, Nghia Gia An"]
[Black "Nguyen, Anh Khoa"]
[Result "1-0"]
[WhiteElo "2331"]
[BlackElo "2328"]
[PlyCount "125"]
[EventDate "2022.07.11"]
[EventType "swiss"]
[EventRounds "9"]
[EventCountry "VIE"]
[SourceTitle "EXT 2023"]
[Source "ChessBase"]
[SourceDate "2022.10.05"]
[SourceVersion "1"]
[SourceVersionDate "2022.10.05"]
[SourceQuality "1"]

1. e4 c5 2. c3 d5 3. exd5 Qxd5 4. d4 Nc6 5. Nf3 Bg4 6. Be2 cxd4 7. cxd4 e6 8. Nc3 Bb4 9. Be3 Nf6 10. 0-0 Qa5 11. Qb3 0-0 12. Rfd1 Rac8 13. Rac1 Qc7 14. h3 Bh5 15. d5 exd5 16. Nxd5 Nxd5 17. Rxd5 Bxf3 18. Bxf3 Qe7 19. a3 Bd6 20. Rcd1 Bb8 21. Bc5 Qf6 22. Bxf8 Rxf8 23. g3 Ne5 24. Bg2 b6 25. Qc3 Qe7 26. Re1 Re8 27. Kh1 Qf8 28. f4 Rc8 29. Qb3 Nc4 30. Rd4 Nd6 31. Rd2 g6 32. Rde2 Nf5 33. Qd3 Bd6 34. Be4 Ng7 35. Rd1 Be7 36. Red2 Ne6 37. Qf3 Qh6 38. Kg2 Bf8 39. Rc2 Re8 40. Bd5 Qg7 41. Bxe6 Rxe6 42. Re2 Rxe2+ 43. Qxe2 Qf6 44. Kh2 a5 45. h4 h5 46. Rd2 Be7 47. Qe5 Kg7 48. Kg2 Bc5 49. Kf3 Qxe5 50. fxe5 Kf8 51. Ke4 Ke7 52. Kd5 f6 53. e6 g5 54. hxg5 fxg5 55. Rh2 Bd6 56. Rxh5 Bxg3 57. Rxg5 Bf2 58. Rg7+ Ke8 59. a4 Bc5 60. b3 Kd8 61. Kc6 Ke8 62. Rb7 Kd8 63. Rxb6 1-0

[Event "VIE-ch U13"]
[Site "Hanoi"]
[Date "2022.06.15"]
[Round "7"]
[White "Doan, The Duc"]
[Black "Nguyen, Anh Khoa"]
[Result "1-0"]
[WhiteElo "2367"]
[BlackElo "2351"]
[PlyCount "107"]
[EventDate "2022.06.11"]
[EventType "swiss"]
[EventRounds "9"]
[EventCountry "VIE"]
[SourceTitle "EXT 2023"]
[Source "ChessBase"]
[SourceDate "2022.10.05"]
[SourceVersion "1"]
[SourceVersionDate "2022.10.05"]
[SourceQuality "1"]

1. d4 Nf6 2. c4 g6 3. Nf3 Bg7 4. g3 0-0 5. Bg2 d6 6. 0-0 Nc6 7. Nc3 a6 8. e4 Bg4 9. Be3 e5 10. d5 Nd4 11. Bxd4 exd4 12. Qxd4 Bxf3 13. Bxf3 Nd7 14. Qd2 Qf6 15. Be2 Nc5 16. Qc2 Rae8 17. Rac1 Qe5 18. Rfe1 Qg5 19. Bf3 Qf6 20. Bg2 Qd4 21. b3 f5 22. Ne2 Qd3 23. Nf4 Qxc2 24. Rxc2 fxe4 25. Ne6 Nxe6 26. dxe6 Rxe6 27. Rxe4 Rxe4 28. Bxe4 c6 29. Rd2 Rd8 30. f4 Kf7 31. Kg2 Bf6 32. h4 Bc3 33. Rd3 Bf6 34. h5 Re8 35. Kf3 Be7 36. Rd1 Kf6 37. Rh1 Rg8 38. g4 Bf8 39. g5+ Kf7 40. b4 Bg7 41. a4 Rd8 42. Rd1 Bc3 43. b5 axb5 44. axb5 d5 45. cxd5 cxb5 46. d6 Rd7 47. Rd5 b4 48. Rb5 gxh5 49. Bxh7 Rxd6 50. Rxb7+ Ke8 51. Be4 h4 52. f5 Kf8 53. f6 h3 54. Kg3 1-0

[Event "VIE Cup"]
[Site "Hanoi"]
[Date "2021.??.??"]
[Round "4"]
[White "Nguyen, Anh Khoa"]
[Black "Dang, Anh Minh"]
[Result "1/2-1/2"]
[WhiteElo "1475"]
[BlackElo "2040"]
[PlyCount "67"]
[EventDate "2021.05.03"]
[EventType "swiss"]
[EventRounds "9"]
[EventCountry "VIE"]
[SourceTitle "EXT 2022"]
[Source "ChessBase"]
[SourceDate "2021.10.06"]
[SourceVersion "1"]
[SourceVersionDate "2021.10.06"]
[SourceQuality "1"]

1. e4 c5 2. Nf3 d6 3. Bb5+ Nc6 4. 0-0 Bd7 5. Re1 a6 6. Bf1 Nf6 7. c3 Bg4 8. h3 Bh5 9. g4 Bg6 10. d3 e6 11. Nbd2 Be7 12. a4 0-0 13. Nh4 d5 14. Nxg6 hxg6 15. Bg2 dxe4 16. Nxe4 Nd5 17. g5 Qc7 18. Qg4 Rfd8 19. h4 Bf8 20. Ng3 Bd6 21. Ne4 Bf8 22. Ng3 Nde7 23. Be4 Nf5 24. Bf4 Bd6 25. Bxd6 Qxd6 26. Kg2 Ne5 27. Qe2 Nxh4+ 28. Kh3 Nf5 29. Bxf5 exf5 30. Qxe5 Qxd3 31. Re3 Qd2 32. Re2 Qxg5 33. f4 Qg4+ 34. Kg2 1/2-1/2

[Event "VIE-ch U11"]
[Site "Hanoi"]
[Date "2020.??.??"]
[Round "5"]
[White "Bui, Tuan Kiet"]
[Black "Nguyen, Anh Khoa"]
[Result "0-1"]
[WhiteElo "2332"]
[BlackElo "1475"]
[PlyCount "60"]
[EventDate "2020.10.22"]
[EventType "swiss"]
[EventRounds "7"]
[EventCountry "VIE"]
[SourceTitle "EXT 2022"]
[Source "ChessBase"]
[SourceDate "2021.10.06"]
[SourceVersion "1"]
[SourceVersionDate "2021.10.06"]
[SourceQuality "1"]

1. e4 c5 2. Nf3 Nc6 3. d4 cxd4 4. Nxd4 Nf6 5. Nc3 e5 6. Nf3 Bb4 7. Bg5 h6 8. Bxf6 Qxf6 9. a3 Bxc3+ 10. bxc3 0-0 11. Be2 d6 12. Nd2 Rd8 13. Bf3 Be6 14. Nb3 Rac8 15. Qd3 Rd7 16. 0-0 Ne7 17. Rfd1 Ng6 18. Nd2 b6 19. Rab1 Nf4 20. Qe3 Rdc7 21. c4 Bxc4 22. Nxc4 Rxc4 23. Bg4 R8c6 24. Bd7 Rc7 25. Bb5 Rxc2 26. Rbc1 Qg5 27. g3 Rxc1 28. Rxc1 Rxc1+ 29. Bf1 Ne6 30. f4 Nxf4 0-1

[Event "VIE-ch U11"]
[Site "Hanoi"]
[Date "2020.??.??"]
[Round "2"]
[White "Nguyen, Anh Khoa"]
[Black "Banh, Gia Huy"]
[Result "1-0"]
[WhiteElo "1475"]
[BlackElo "1581"]
[PlyCount "55"]
[EventDate "2020.10.22"]
[EventType "swiss"]
[EventRounds "7"]
[EventCountry "VIE"]
[SourceTitle "EXT 2022"]
[Source "ChessBase"]
[SourceDate "2021.10.06"]
[SourceVersion "1"]
[SourceVersionDate "2021.10.06"]
[SourceQuality "1"]

1. d4 Nf6 2. c4 g6 3. Nc3 Bg7 4. e4 d6 5. h3 0-0 6. Be3 e5 7. d5 a5 8. g4 Na6 9. Nge2 c6 10. Ng3 cxd5 11. cxd5 Bd7 12. Qd2 Rc8 13. f3 Ne8 14. h4 Bf6 15. g5 Bg7 16. h5 Nec7 17. hxg6 hxg6 18. Qh2 Re8 19. Qh7+ Kf8 20. Rd1 b5 21. Rd2 b4 22. Nd1 Nc5 23. Rg1 Nb5 24. Rf2 Nd4 25. Nh5 gxh5 26. g6 Qf6 27. Bh6 Bxh6 28. gxf7 1-0

[Event "VIE-ch U11"]
[Site "Hanoi"]
[Date "2020.??.??"]
[Round "6"]
[White "Nguyen, Anh Khoa"]
[Black "Nguyen, Vuong Tung Lam"]
[Result "1/2-1/2"]
[WhiteElo "1475"]
[BlackElo "1633"]
[PlyCount "59"]
[EventDate "2020.10.22"]
[EventType "swiss"]
[EventRounds "7"]
[EventCountry "VIE"]
[SourceTitle "EXT 2022"]
[Source "ChessBase"]
[SourceDate "2021.10.06"]
[SourceVersion "1"]
[SourceVersionDate "2021.10.06"]
[SourceQuality "1"]

1. d4 Nf6 2. c4 g6 3. g3 Bg7 4. Bg2 d5 5. Qa4+ c6 6. cxd5 Nxd5 7. Nf3 0-0 8. 0-0 Bg4 9. Nbd2 Nd7 10. h3 Bxf3 11. Nxf3 N5b6 12. Qa3 e5 13. dxe5 Nxe5 14. Nxe5 Bxe5 15. Qb3 Qc7 16. Rd1 Bf6 17. Be3 Rad8 18. a4 Nc8 19. Rac1 Rxd1+ 20. Rxd1 Rd8 21. Rxd8+ Bxd8 22. Bd4 c5 23. Bc3 b6 24. Qd5 Be7 25. Bf3 Bf8 26. Kg2 Bg7 27. Bd2 Qd6 28. Be3 Qxd5 29. Bxd5 Ne7 30. Be4 1/2-1/2

[Event "VIE-chT"]
[Site "Ho Chi Minh City"]
[Date "2019.09.30"]
[Round "7.34"]
[White "Le, Minh Kha"]
[Black "Nguyen, Anh Khoa"]
[Result "1/2-1/2"]
[WhiteElo "1905"]
[BlackElo "1341"]
[PlyCount "106"]
[EventDate "2019.09.26"]
[EventType "team-swiss"]
[EventRounds "9"]
[EventCountry "VIE"]
[SourceTitle "EXT 2020"]
[Source "ChessBase"]
[SourceDate "2019.10.17"]
[SourceVersion "1"]
[SourceVersionDate "2019.10.17"]
[SourceQuality "1"]

1. e4 c5 2. Nf3 Nc6 3. d4 cxd4 4. Nxd4 Nf6 5. Nc3 e5 6. Ndb5 d6 7. Bg5 a6 8. Na3 b5 9. Nd5 Be7 10. Bxf6 Bxf6 11. c3 Bg5 12. Bd3 0-0 13. 0-0 Be6 14. Nc2 Ne7 15. a4 Bxd5 16. exd5 bxa4 17. Rxa4 a5 18. Qh5 Ng6 19. Ne3 Bxe3 20. fxe3 Qb6 21. Qe2 Nf4 22. Qd2 f5 23. Kh1 Nxd3 24. Qxd3 e4 25. Qd2 g5 26. g3 Rac8 27. Rfa1 Rc5 28. b4 axb4 29. cxb4 Rc4 30. Ra6 Qb8 31. Rb1 Qb5 32. Ra5 Qb6 33. b5 Rb8 34. Rb2 Rc1+ 35. Qxc1 Qxa5 36. b6 Qc5 37. Qxc5 dxc5 38. Rb5 c4 39. d6 Kf7 40. Rxf5+ Ke6 41. Rc5 Rxb6 42. Rxc4 Rxd6 43. Rxe4+ Kf5 44. Re8 Kg4 45. Rf8 Re6 46. Rf7 Rxe3 47. Rxh7 Kf3 48. Rf7+ Kg4 49. Kg1 Re2 50. Rf8 Rd2 51. Rh8 Kf3 52. Rf8+ Kg4 53. Rf7 Rb2 1/2-1/2

[Event "VIE-chT"]
[Site "Ho Chi Minh City"]
[Date "2019.09.29"]
[Round "6.32"]
[White "Nguyen, Anh Khoa"]
[Black "Phan, Xuan Tu"]
[Result "0-1"]
[WhiteElo "1341"]
[BlackElo "1895"]
[PlyCount "82"]
[EventDate "2019.09.26"]
[EventType "team-swiss"]
[EventRounds "9"]
[EventCountry "VIE"]
[SourceTitle "EXT 2020"]
[Source "ChessBase"]
[SourceDate "2019.10.17"]
[SourceVersion "1"]
[SourceVersionDate "2019.10.17"]
[SourceQuality "1"]

1. e4 c5 2. Nf3 a6 3. d4 cxd4 4. Nxd4 Nf6 5. Nc3 e5 6. Nf3 Bb4 7. Bd3 d5 8. Nd2 Bxc3 9. bxc3 0-0 10. 0-0 Qc7 11. Bb2 Bd7 12. Qe1 Re8 13. exd5 Nxd5 14. Bxh7+ Kxh7 15. Qe4+ Kg8 16. Qxd5 Bc6 17. Qd3 Nd7 18. Qe3 Nf6 19. c4 Nh5 20. Rfe1 f6 21. f3 Nf4 22. g3 Nh3+ 23. Kg2 Ng5 24. h4 Ne6 25. Rh1 Nd4 26. Rac1 Nf5 27. Qf2 Rad8 28. Bc3 Rxd2 29. Bxd2 e4 30. Rhe1 exf3+ 31. Kh3 Re2 32. Rxe2 fxe2 33. Bf4 Qd7 34. Qxe2 Nd4+ 35. Qg4 Bg2+ 36. Kxg2 Qxg4 37. Rf1 g5 38. hxg5 fxg5 39. Bc7 Nxc2 40. Rf2 Ne3+ 41. Kh2 Qxc4 0-1